<?xml version="1.0" encoding="UTF-8"?>
<marc:record xmlns:marc="http://www.loc.gov/MARC21/slim">
   <marc:leader>00000nam a2200000 a 4500</marc:leader>
   <marc:datafield ind1="0" ind2="0" tag="245">
      <marc:subfield code="a">Der Esel</marc:subfield>
   </marc:datafield>
   <marc:datafield ind1=" " ind2="1" tag="264">
      <marc:subfield code="b">Meyers Lexikonverl.</marc:subfield>
      <marc:subfield code="c">2003</marc:subfield>
   </marc:datafield>
   <marc:datafield ind1="1" ind2=" " tag="490">
      <marc:subfield code="a">Meyers kleine Kinderbibliothek</marc:subfield>
   </marc:datafield>
   <marc:datafield ind1="1" ind2=" " tag="520">
      <marc:subfield code="a">ab 3 J.
Wissenswertes und Interessantes zum Thema "Esel" in bewährt gut gelungener Gestaltung. 
Sind Esel wirklich dumm? Gibt es verschiedene Eselarten? Diese und ähnliche Fragen beantwortet dieser Band der erfolgreichen Sachbuchreihe für Kinder. Auf jeder Seite erfahren die LeserInnen Spannendes und Interessantes über den Esel. So wie alle anderen Bände ist auch dieser mit aufwändig gestalteten Folienseiten ausgestattet, welche die illustrierten Seiten verändern. Eine Sachbuchreihe, die in keiner Bibliothek fehlen sollte, da sie bereits den kleinen Lesern und Leserinnen durch die tolle Buchgestaltung viel Wissenswertes vermittelt und sie auf mehr neugierig macht. *bn* Christa Wochner</marc:subfield>
   </marc:datafield>
   <marc:datafield ind1="3" ind2=" " tag="024">
      <marc:subfield code="a">3411070331</marc:subfield>
   </marc:datafield>
</marc:record>
